Normal view
MARC view
- Rawal-Sniha M
Entry Personal Name
001 - CONTROL NUMBER
- control field: 211699
003 - CONTROL NUMBER IDENTIFIER
- control field: OSt
005 - DATE AND TIME OF LATEST TRANSACTION
- control field: 20250324101310.0
008 - FIXED-LENGTH DATA ELEMENTS
- fixed length control field: 250324|| aca||aabn | a|a d
040 ## - CATALOGING SOURCE
- Original cataloging agency: OSt
- Transcribing agency: OSt
100 ## - HEADING--PERSONAL NAME
- Personal name: Rawal-Sniha M
670 ## - SOURCE DATA FOUND
- Source citation: Work cat.: (OSt)365702: Rawal-Sniha M., महिला क्रांतिकारकांच्या कथा भाग १, 2023